Ranking FIFA - Pierwsze 25 Reprezentacji - Statystyki

Ogólne statystyki
  • Ten quiz został rozwiązany 584 razy
    495 od ostatniego zresetowania
  • Średni wynik to 18 z 24
Statystyki odpowiedzi
Lp. Reprezentacja % Poprawnych
17. Polska
98%
3. Brazylia
96%
2. Francja
95%
9. Argentyna
94%
1. Belgia
94%
8. Hiszpania
93%
16. Niemcy
93%
4. Anglia
92%
7. Portugalia
91%
13. Włochy
90%
21. Stany Zjednoczone
83%
17. Szwecja
78%
11. Meksyk
76%
6. Chorwacja
74%
5. Urugwaj
74%
10. Kolumbia
73%
12. Szwajcaria
71%
15. Chile
68%
14. Dania
68%
24. Ukraina
68%
19. Senegal
54%
22. Walia
49%
20. Peru
48%
25. Wenezuela
25%
Nie znaleziono quizów pasujących do podanych kryteriów
Rozkład punktacji
Procent ludzi z każdym wynikiem
Percentyl według liczby udzielonych odpowiedzi
Twoja historia wyników
Nie rozwiązałeś tego quizu od ostatniego zresetowania